000 00507nam a2200169 i 4500
001 108979
003 ES-MaACL
005 20230906184743.0
007 t|
008 061121s1911 xxu r ||||1| eng d
100 1 _aMoore, Willis L.
_982834
245 1 0 _aDescriptive Meteorology /
_cby Willis L. Moore.
260 _aNew-York [etc.] :
_bD. Appleton and Co.,
_c1911.
300 _aXVIII, 344 p. con 23 map. neg. y col. :
_bil ;
_c24 cm.
650 0 4 _aMetereología.
_915019
852 _aES-MaACL
_jG-13462
999 _c108979
_d108979